Slovak political prisoners calling the free world

Bibliographic Details
Format: Book
Language:English
PhysicalDescription:16 s. mp. 23 cm
Published: Middletown Slovak National Council Abroad 1957
Subjects:

MARC

LEADER 00000nam a2200000 a 4500
001 vtls001174806
003 SK-MaSNL
005 20260301002519.0
008 251124s1957 US b r a 0 eng
015 |a SNBZSA1993-00467 
035 |a SNK000117800 
040 |a SNK  |b slo  |c SNK  |e AACR2 
041 0 |a eng 
044 |a US 
080 |a 323.28(437.6)"1945/1956"=20  |2 1981 
245 1 |a Slovak political prisoners calling the free world 
260 |a Middletown  |b Slovak National Council Abroad  |c 1957 
300 |a 16 s.  |b mp.  |c 23 cm 
500 |a Bez tit. strany 
650 0 7 |a LBI 855b  |2 SNK  |9 282441 
651 7 |a Slovensko  |x politika vnútorná  |x prenasledovanie politické  |y 1945-1956  |x brožúry  |2 SNK  |9 282442 
655 7 |a príručky  |2 SNK  |9 74364 
958 |a ZS 
958 |a TL 
999 |c 537516  |d 539446 
952 |t P60, <03>, [BOOK], {603}  |a SNK  |b SNK  |y PREZ  |7 0  |o snkSC 83628  |i snkV 1771/93  |0 0  |1 0  |4 0  |d 1998-06-30  |l 0  |r 2005-01-01 00:00:00  |w 2026-02-23 
952 |a SNK  |b SNK  |y PREZ  |7 0  |p 17A1009859  |o snkSC 83628   |0 0  |1 0  |4 0  |d 2012-08-17  |l 0  |r 2025-08-21 00:00:00  |w 2026-02-23 
952 |t P60, <04>, [BOOK], {604}  |a SNK  |b SNK  |y VYP  |7 0  |p 17A0193967  |o snkSC 83628 D1  |i snkV 852/98  |0 0  |1 0  |4 0  |d 1998-06-30  |l 0  |r 2005-01-01 00:00:00  |w 2026-02-23 
952 |t P60, <04>, [BOOK], {604}  |a SNK  |b SNK  |y VYP  |7 0  |p 17A0203283  |o snkSC 83628 D2  |i snkV 1196/99  |0 0  |1 0  |4 0  |d 1999-08-19  |l 0  |r 2005-01-01 00:00:00  |w 2026-02-23